Russell Crowe Filmography - Statistics

General Stats
  • This quiz has been taken 355 times
    68 since last reset
  • The average score is 17 of 105
Answer Stats
Type Year Name % Correct
Film 2000 Gladiator
97%
Film 2001 A Beautiful Mind
83%
Film 1997 L.A. Confidential
66%
Film 2012 Les Misérables
57%
Film 2003 Master and Commander: The Far Side of the World
54%
Film 2013 Man of Steel
51%
Film 2016 The Nice Guys
51%
Film 2010 Robin Hood
46%
TV Show 2016 Saturday Night Live
46%
Film 1999 The Insider
46%
Film 2022 Thor: Love and Thunder
46%
Film 2014 Noah
43%
Film 2007 American Gangster
40%
Film 2005 Cinderella Man
40%
TV Show 1987 Neighbours
37%
Film 1995 The Quick and the Dead
37%
Film 2007 3:10 to Yuma
34%
Film 2006 A Good Year
34%
Film 1992 Romper Stomper
31%
Film 2008 Body of Lies
29%
Film 2010 The Next Three Days
29%
Film 2023 The Pope's Exorcist
29%
Film 2017 The Mummy
26%
Film 2014 The Water Diviner
26%
Film 2020 Unhinged
26%
Film 1995 Virtuosity
26%
Film 2021 Zack Snyder's Justice League
26%
Film 2018 Boy Erased
23%
Film 2024 Kraven the Hunter
23%
Film 1991 Proof
23%
Film 2025 Nuremberg
20%
Film 2000 Proof of Life
20%
Film 2009 State of Play
20%
Film 2013 Broken City
17%
Film 2024 Sleeping Dogs
17%
Film 1994 The Sum of Us
17%
Film 2015 Fathers and Daughters
14%
Film 2024 Land of Bad
14%
Film 1999 Mystery, Alaska
14%
Film 2024 The Exorcism
14%
Film 1995 No Way Back
11%
Film 2022 Poker Face
11%
Film 1995 Rough Magic
11%
Film 2012 The Man with the Iron Fists
11%
Film 1993 Hammers Over the Anvil
9%
Film 1997 Heaven's Burning
9%
Film 2022 Prizefighter: The Life of Jem Belcher
9%
Film 2009 Tenderness
9%
Film 1990 The Crossing
9%
Film 2022 The Greatest Beer Run Ever
9%
TV Mini-Series 2019 The Loudest Voice
9%
Film TBA The Weight
9%
Film 2017 War Machine
9%
Film 2014 Winter's Tale
9%
Web Series 2024 ARK: The Animated Series
6%
Film 1990 Blood Oath
6%
Documentary 2007 Bra Boys
6%
Film 1997 Breaking Up
6%
TV Mini-Series 1991 Brides of Christ
6%
TV Documentary 2004 Colour of War: The ANZACs
6%
Film 1993 For the Moment
6%
Film 1993 Love in Limbo
6%
TV Show 1992 Police Rescue
6%
Documentary 2013 Red Obsession
6%
TV Show 2012 Republic of Doyle
6%
Film 1992 Spotswood
6%
Theater 1986, 1988 The Rocky Horror Show
6%
Film 1993 The Silver Brumby
6%
TV Show 1977 The Young Doctors
6%
Film 2020 True History of the Kelly Gang
6%
Documentary 2018 Turtle Odyssey
6%
TV Show 1991 Acropolis Now
3%
Film TBA Bear Country
3%
Film TBA Beast in Me
3%
Theater 1988 Blood Brothers
3%
Theater 1983 Grease
3%
Film TBA Highlander
3%
TV Show 1987 Rafferty's Rules
3%
TV Show 1972 Spyforce
3%
Documentary Series 2019-2020 Take Us Home: Leeds United
3%
Documentary 2002 Texas
3%
Film TBA The Billion Dollar Spy
3%
Film TBA The Last Druid
3%
Award Show 2025 14th AACTA Awards
0%
Award Show 2013 2nd AACTA Awards
0%
Short Documentary 2002 60 Odd Hours in Italy
0%
TV Show 2015 American Idol
0%
Film TBA American Son
0%
Theater 1989 Bad Boy Johnny and the Prophets of Doom
0%
TV Show 2006 Bro'Town
0%
Documentary Series 2010 Damage Control
0%
TV Show 2012 Dancing with the Stars
0%
Documentary Series 2007 Discovery Atlas
0%
Documentary TBA Last Breath
0%
TV Show 1988 Living with the Law
0%
Documentary 2025 L'ulivo e il baobab
0%
TV Show 2009 Secret Millionaire
0%
TV Show 2021 Strictly Come Dancing
0%
Short Film 2023 The Golden Bee
0%
TV Show 1992 The Late Show
0%
Short Film 1996 The Spell of the Yukon
0%
Commercial 2012 Time Warner Cable
0%
Short Film 2018 Tourism Australia: Dundee - The Son of a Legend Returns Home
0%
Film TBA Unabomb
0%
TV Show 2000 WWE Smackdown!
0%
No matching quizzes found
Score Distribution
Percent of People with Each Score
Percentile by Number Answered
Your Score History
You have not taken this quiz since the last reset